Online
Catalog

Aspectos de la vida social y cotidiana de Medellín, 1890-1930 / (Record no. 6289)

MARC details
000 -CABECERA
campo de control de longitud fija 01462cam a2200337 a 4500
001 - NÚMERO DE CONTROL
campo de control 000006498
003 - IDENTIFICADOR DEL NÚMERO DE CONTROL
campo de control DO-SdBNP
005 - FECHA Y HORA DE LA ÚLTIMA TRANSACCIÓN
campo de control 20250529115028.0
008 - DATOS DE LONGITUD FIJA--INFORMACIÓN GENERAL
campo de control de longitud fija 970226s1996 ck abc b 000 0 spa
020 ## - NÚMERO INTERNACIONAL ESTÁNDAR DEL LIBRO
Número Internacional Estándar del Libro 9586122565
040 ## - FUENTE DE LA CATALOGACIÓN
Centro catalogador/agencia de origen DO-SdBNP
Centro/agencia transcriptor DLC
Centro/agencia modificador DLC
-- BNPHU
049 ## - FONDOS LOCALES (OCLC)
Fondos de biblioteca BNGR
082 ## - NÚMERO DE LA CLASIFICACIÓN DECIMAL DEWEY
Número de clasificación 986.1362
Número de documento/Ítem R457a
100 1# - ENTRADA PRINCIPAL--NOMBRE DE PERSONA
Nombre de persona Reyes Cárdenas, Catalina.
9 (RLIN) 18008
245 10 - MENCIÓN DE TÍTULO
Título Aspectos de la vida social y cotidiana de Medellín, 1890-1930 /
Mención de responsabilidad, etc. Catalina Reyes Cárdenas.
246 14 - FORMA VARIANTE DE TÍTULO
Título propio/Titulo breve Vida cotidiana en Medellín, 1890-1930
260 ## - PUBLICACIÓN, DISTRIBUCIÓN, ETC.
Lugar de publicación, distribución, etc. Bogotá :
Nombre del editor, distribuidor, etc. Colcultura,
Fecha de publicación, distribución, etc. 1996.
300 ## - DESCRIPCIÓN FÍSICA
Extensión xiv, 334 p. :
Otras características físicas il., mapas, retrs ;
Dimensiones 21 cm.
500 ## - NOTA GENERAL
Nota general "Producto del trabajo de la tesis presentada para optar el título de magister en historia de la Universidad Nacional de Colombia, Sede Medellín"--Agradecimientos.
504 ## - NOTA DE BIBLIOGRAFÍA, ETC.
Nota de bibliografía, etc. Incluye referencias bibliográficas (p. 307-334).
586 ## - NOTA DE PREMIOS
Nota de premios Premios nacionales de cultura, 1995.
650 #7 - PUNTO DE ACCESO ADICIONAL DE MATERIA--TÉRMINO DE MATERIA
Término de materia o nombre geográfico como elemento de entrada Clases sociales
Subdivisión geográfica Colombia
-- Medellín
Subdivisión general Historia
9 (RLIN) 1062
Fuente del encabezamiento o término LEMB
650 #0 - PUNTO DE ACCESO ADICIONAL DE MATERIA--TÉRMINO DE MATERIA
Término de materia o nombre geográfico como elemento de entrada Salud pública
Subdivisión geográfica Colombia
-- Medellín
Subdivisión general Historia
9 (RLIN) 18012
650 #0 - PUNTO DE ACCESO ADICIONAL DE MATERIA--TÉRMINO DE MATERIA
Término de materia o nombre geográfico como elemento de entrada Mujeres
Subdivisión geográfica Colombia
-- Medellín
Subdivisión general Historia
9 (RLIN) 18013
650 #0 - PUNTO DE ACCESO ADICIONAL DE MATERIA--TÉRMINO DE MATERIA
Término de materia o nombre geográfico como elemento de entrada Niños
Subdivisión geográfica Colombia
-- Medellín
Subdivisión general Historia
9 (RLIN) 18014
650 #0 - PUNTO DE ACCESO ADICIONAL DE MATERIA--TÉRMINO DE MATERIA
Término de materia o nombre geográfico como elemento de entrada Juventud
Subdivisión geográfica Colombia
-- Medellín
Subdivisión general Historia
9 (RLIN) 18015
651 ## - PUNTO DE ACCESO ADICIONAL DE MATERIA--NOMBRE GEOGRÁFICO
Nombre geográfico Medellín (Colombia{Rpara}
Subdivisión general Historia
Subdivisión cronológica 1890-1930
9 (RLIN) 18009
651 #0 - PUNTO DE ACCESO ADICIONAL DE MATERIA--NOMBRE GEOGRÁFICO
Nombre geográfico Medellín (Colombia{Rpara}
Subdivisión general Condiciones Sociales
9 (RLIN) 18010
910 ## - DATOS DE OPCIÓN DEL USUARIO (OCLC)
Datos de opción del usuario Catalogación por copia / LC
942 ## - ELEMENTOS DE PUNTO DE ACCESO ADICIONAL (KOHA)
Fuente del sistema de clasificación o colocación Dewey Decimal Classification
Tipo de ítem Koha Libro
Holdings
Estado de retiro Estado de pérdida Restricciones de uso No para préstamo Código de colección Localización permanente Ubicación/localización actual Ubicación en estantería Fecha de adquisición Número de inventario Total de préstamos Signatura topográfica completa Código de barras Fecha visto por última vez Precio válido a partir de Tipo de ítem Koha
    Préstamo interno   Monografías: Libros y Folletos General General En catalogación 31.08.2009 LF1   986.1362 R457a 6498-10 25.06.2020 25.06.2020 Préstamo interno

Powered by Koha